• 首页
  • 本馆介绍
  • 公告通知
  • 最新文献
  • 馆藏检索
  • 电子资源
  • 读者导购
  • 参考咨询
  • 我的图书馆
  • 登录
  • 详细信息显示
  • 放入我的书架
  • 预约/预借图书
  • 作者相关作品
  • 分类相关作品
  • 丛书相关作品
  • 出版社相关作品

书目信息

  • 表格格式
  • 工作单格式
  • 卡片格式
题名:
如何制定工作计划
    
 
作者: 杨传华 编著
分册:  
出版信息: 北京   北京大学出版社  2005
页数: 226页
开本: 24cm
丛书名: 职业经理人十万个怎么办
单 册:
中图分类: F272.2
科图分类:
主题词: 企业管理--计划管理 , 企业管理 , 计划管理
电子资源:
ISBN: 7-301-08392-0
000 00962oam2 2200289 450
001 012007443040
005 20070522143248.87
010    @a7-301-08392-0@dCNY32.00
100    @a20070514d2005 km y0chiy0120 ea
101 0  @achi
102    @aCN@b110000
105    @ay z 000yy
106    @ar
200 1  @a如何制定工作计划@Aru he zhi ding gong zuo ji hua@f杨传华编著@Fyang chuan hua bian zhu
205    @a第1版
210    @a北京@c北京大学出版社@d2005
215    @a226页@d24cm
225 2  @a职业经理人十万个怎么办@i通用技能类@v105
330    @a全书共五章。内容包括:制定工作计划的重要性、工作计划的类型、制定工作计划的常用方法、制定工作计划的一般流程、各类主要工作计划的制定、工作计划的评价与改进等。
461  0 @12001 @a职业经理人十万个怎么办
606 0  @a企业管理@x计划管理
606 0  @a企业管理
606 0  @a计划管理
690    @aF272.2@v4
701  0 @a杨传华@Ayang chuan hua@4编著
801  0 @aCN@bRULIN@c20070522
905    @dF272.2@e507@s8
    
    如何制定工作计划/杨传华编著.-第1版.-北京:北京大学出版社,2005
    226页;24cm.-(职业经理人十万个怎么办.通用技能类;105)
    
    
    ISBN 7-301-08392-0:CNY32.00
    全书共五章。内容包括:制定工作计划的重要性、工作计划的类型、制定工作计划的常用方法、制定工作计划的一般流程、各类主要工作计划的制定、工作计划的评价与改进等。
●
相关链接 在E读中查询图书 在五车中查询图书 在当当中查询图书 在豆瓣中查询图书


正题名:如何制定工作计划     索取号:F272.2/507         预约/预借

序号 登录号 条形码 馆藏地/架位号 状态 备注
1 0575485   205754851   第一样本阅览室/ [索取号:F272.2/507] 在馆    
2 0575486   205754860   第一借阅区/ [索取号:F272.2/507] 在馆    
3 0575487   205754879   第一借阅区/ [索取号:F272.2/507] 在馆    
4 0575488   205754888   密集书库/ [索取号:F272.2/507] 在馆    
5 0575489   205754897   密集书库/ [索取号:F272.2/507] 在馆    
6 0575490   205754904   密集书库/ [索取号:F272.2/507] 在馆    
7 0575491   205754913   第一借阅区/ [索取号:F272.2/507] 在馆    
8 0575492   205754922   第一借阅区/ [索取号:F272.2/507] 在馆    
唐山师范学院图书馆 欢迎您!
大连网信软件有限公司© 版权所有